Visualizzazione normale
Vista MARC
- Perino, Renato, Sup. gen., SSP
di Personal Name
Records bibliografici associati: 1
001 - CONTROL NUMBER
- control field: 458
003 - CONTROL NUMBER IDENTIFIER
- control field: IT-RoPau
005 - DATE AND TIME OF LATEST TRANSACTION
- control field: 20130315091444.0
008 - FIXED-LENGTH DATA ELEMENTS
- fixed length control field: 130315|| aca||aabn | a|a d
040 ## - CATALOGING SOURCE
- Original cataloging agency: IT-RoPau
- Transcribing agency: IT-RoPau
100 ## - HEADING--PERSONAL NAME
- Personal name: Perino, Renato, Sup. gen., SSP
670 ## - SOURCE DATA FOUND
- Source citation: Work cat.: (IT-RoPau): Perino, Renato, Sup. gen., SSP, Provincia Italiana, 1990-1994, 1994